[Event "Europa ch s-16"]
[Site "Herceg Novi MNE"]
[Date "2008.09.23"]
[Round "8.28"]
[White "Aggelis, Nikolaos"]
[Black "Klein, David"]
[Result "1-0"]
[WhiteElo "2271"]
[BlackElo "2135"]
[PlyCount "89"]
[EventDate "2008.09.15"]
[EventType "swiss"]
[EventRounds "9"]
[Source "lmi"]
[SourceDate "2008.09.15"]

1. Nf3 g6 2. g3 Bg7 3. d4 Nf6 4. Bg2 O-O 5. O-O c6 6. Re1 d5 7. Nbd2 Bf5 8. c3
Qc8 9. Nh4 Bh3 10. e4 Bxg2 11. Nxg2 dxe4 12. Nxe4 Na6 13. Nxf6+ Bxf6 14. Bh6
Rd8 15. Qf3 Qh3 16. Bf4 Rd7 17. Be5 Bxe5 18. Rxe5 Nc7 19. Rae1 Ne6 20. Nh4 Rad8
21. R1e4 Rd5 22. Qg2 Qxg2+ 23. Nxg2 Ng5 24. Rxd5 Rxd5 25. Rxe7 Rb5 26. Re2 Nf3+
27. Kh1 g5 28. Ne3 h5 29. Kg2 g4 30. h3 f5 31. hxg4 hxg4 32. Nc4 Kf8 33. Nd6
Rd5 34. Nxb7 Rd7 35. Nc5 Rh7 36. Re6 Rh2+ 37. Kf1 Rh1+ 38. Ke2 Rc1 39. Nd3 Rc2+
40. Ke3 Kf7 41. Rxc6 Ng1 42. Kf4 Ne2+ 43. Kxf5 Nxd4+ 44. cxd4 Rxc6 45. Ne5+ 1-0

[Event "Europa ch s-16"]
[Site "Herceg Novi MNE"]
[Date "2008.09.23"]
[Round "8.30"]
[White "Martin Fuentes, Alberto"]
[Black "Matveev, Vladimir"]
[Result "1-0"]
[WhiteElo "2124"]
[BlackElo "2187"]
[PlyCount "89"]
[EventDate "2008.09.15"]
[EventType "swiss"]
[EventRounds "9"]
[Source "lmi"]
[SourceDate "2008.09.15"]

1. e4 d6 2. d4 Nf6 3. Nc3 g6 4. Bg5 Bg7 5. e5 Nfd7 6. exd6 cxd6 7. Qd2 O-O 8.
h4 Nc6 9. h5 Nf6 10. hxg6 fxg6 11. O-O-O d5 12. f3 e6 13. Bh6 Bxh6 14. Qxh6 Ne7
15. g4 Rf7 16. Bd3 Qf8 17. Qe3 Nc6 18. Nce2 Bd7 19. Nh3 Re8 20. Nef4 e5 21.
Nxg6 hxg6 22. Bxg6 e4 23. Bxf7+ Qxf7 24. g5 exf3 25. Qxf3 Ne4 26. Qg2 Bxh3 27.
Qxh3 Qg7 28. Qf5 Nb4 29. Rh2 Ng3 30. Qf6 Qxf6 31. gxf6 Re2 32. Rxe2 Nxe2+ 33.
Kd2 Nf4 34. Rg1+ Kf7 35. Rg7+ Kxf6 36. Rxb7 Nc6 37. c3 Ke6 38. b4 Kd6 39. a4 a5
40. b5 Nd8 41. Ra7 Nfe6 42. Rxa5 Kc7 43. Ra7+ Kb6 44. Ra6+ Kc7 45. a5 1-0

[Event "Europa ch s-16"]
[Site "Herceg Novi MNE"]
[Date "2008.09.23"]
[Round "8.35"]
[White "Dubessay, Bastien"]
[Black "Pohjala, Henri"]
[Result "0-1"]
[WhiteElo "2131"]
[BlackElo "2035"]
[PlyCount "60"]
[EventDate "2008.09.15"]
[EventType "swiss"]
[EventRounds "9"]
[Source "lmi"]
[SourceDate "2008.09.15"]

1. d4 d5 2. c4 c6 3. Nf3 Nf6 4. Nc3 a6 5. c5 Bf5 6. Bf4 Nbd7 7. e3 e6 8. Nd2 h6
9. Be2 Be7 10. b4 Qc8 11. a4 O-O 12. O-O Bd8 13. g4 Bh7 14. Bg3 Bc7 15. f4 Ne8
16. h4 f6 17. Nf3 e5 18. dxe5 fxe5 19. fxe5 a5 20. b5 Nxc5 21. Nd4 Qd7 22.
Rxf8+ Kxf8 23. Qf1+ Kg8 24. bxc6 bxc6 25. Qf2 Bb6 26. Rb1 Bxb1 27. Nxb1 Ne4 28.
e6 Qe7 29. Qf7+ Qxf7 30. exf7+ Kxf7 0-1

[Event "Europa ch s-16"]
[Site "Herceg Novi MNE"]
[Date "2008.09.23"]
[Round "8.40"]
[White "Vasques, Antonio Pedro Freix"]
[Black "Baturina, Andrija"]
[Result "0-1"]
[WhiteElo "1897"]
[BlackElo "2060"]
[PlyCount "44"]
[EventDate "2008.09.15"]
[EventType "swiss"]
[EventRounds "9"]
[Source "lmi"]
[SourceDate "2008.09.15"]

1. e4 c5 2. Nf3 d6 3. Nc3 Nf6 4. d4 cxd4 5. Nxd4 a6 6. Bg5 e6 7. f4 Nbd7 8. Qf3
Qc7 9. O-O-O b5 10. Bd3 Bb7 11. Rhe1 Nc5 12. Qg3 b4 13. Bxf6 bxc3 14. Bh4 cxb2+
15. Kb1 Na4 16. Ne2 Rc8 17. e5 dxe5 18. fxe5 Bd5 19. Qf4 Bxa2+ 20. Kxa2 Qa5 21.
Bc4 Nc3+ 22. Kxb2 Qa3# 0-1

[Event "Europa ch s-16"]
[Site "Herceg Novi MNE"]
[Date "2008.09.23"]
[Round "8.46"]
[White "Tordeur, Jonathan"]
[Black "Skrinjar, Matic"]
[Result "1-0"]
[WhiteElo "1993"]
[BlackElo "1867"]
[PlyCount "27"]
[EventDate "2008.09.15"]
[EventType "swiss"]
[EventRounds "9"]
[Source "lmi"]
[SourceDate "2008.09.15"]

1. e4 e5 2. Nf3 Nc6 3. Bc4 Bc5 4. O-O Nf6 5. d4 exd4 6. e5 d5 7. exf6 dxc4 8.
fxg7 Rg8 9. Re1+ Be6 10. Bg5 Be7 11. Bxe7 Qxe7 12. Nxd4 O-O-O 13. Nxc6 Rxd1 14.
Nxe7+ 1-0

[Event "Europa ch s-16"]
[Site "Herceg Novi MNE"]
[Date "2008.09.23"]
[Round "8.54"]
[White "Piscitelli, Vito"]
[Black "Bolychevsky, Alexander"]
[Result "1-0"]
[WhiteElo "2003"]
[BlackElo "1807"]
[PlyCount "27"]
[EventDate "2008.09.15"]
[EventType "swiss"]
[EventRounds "9"]
[Source "lmi"]
[SourceDate "2008.09.15"]

1. e4 c5 2. Nc3 Nc6 3. f4 g6 4. Nf3 Bg7 5. Bc4 d6 6. O-O e6 7. d3 Nge7 8. Qe1
O-O 9. f5 exf5 10. Qh4 Ne5 11. Bg5 Re8 12. Nxe5 Bxe5 13. Nd5 Bxb2 14. Nxe7+ 1-0

[Event "Europa ch s-16"]
[Site "Herceg Novi MNE"]
[Date "2008.09.23"]
[Round "8.56"]
[White "Arat, Umut Baris"]
[Black "Potpara, Nikola"]
[Result "0-1"]
[WhiteElo "1860"]
[BlackElo "1833"]
[PlyCount "90"]
[EventDate "2008.09.15"]
[EventType "swiss"]
[EventRounds "9"]
[Source "lmi"]
[SourceDate "2008.09.15"]

1. d4 Nf6 2. c4 e6 3. Nf3 b6 4. g3 Ba6 5. b3 b5 6. Bg2 bxc4 7. Ne5 Bb4+ 8. Bd2
cxb3 9. Qxb3 Bxd2+ 10. Nxd2 c6 11. h4 Qc7 12. Qb4 d5 13. Rc1 Nfd7 14. f4 Bb7
15. O-O Nxe5 16. dxe5 Qb6+ 17. Qxb6 axb6 18. Rb1 Nd7 19. Rb2 Ke7 20. e4 Ra3 21.
exd5 cxd5 22. Rf3 Rha8 23. Rxa3 Rxa3 24. Kf2 Ba6 25. Bf1 Bxf1 26. Nxf1 f6 27.
exf6+ gxf6 28. Ne3 Kd6 29. f5 exf5 30. Rd2 Ke6 31. Nxd5 Nc5 32. Nf4+ Ke5 33.
Kg2 Rxg3+ 34. Kxg3 Ne4+ 35. Kg2 Nxd2 36. Nd3+ Kd4 37. Nb4 Ke4 38. a4 f4 39. Kf2
h5 40. Nc6 Nc4 41. Kg2 Ne3+ 42. Kg1 Kf3 43. a5 bxa5 44. Nxa5 Kg3 45. Nb3 f3 0-1

[Event "Europa ch s-16"]
[Site "Herceg Novi MNE"]
[Date "2008.09.24"]
[Round "9.1"]
[White "Sivuk, Vitaly"]
[Black "Nyzhnyk, Illya"]
[Result "0-1"]
[WhiteElo "2324"]
[BlackElo "2428"]
[PlyCount "94"]
[EventDate "2008.09.15"]
[EventType "swiss"]
[EventRounds "9"]
[Source "lmi"]
[SourceDate "2008.09.15"]

1. e4 c5 2. Nc3 a6 3. f4 b5 4. Nf3 Bb7 5. d4 cxd4 6. Qxd4 e6 7. Bd3 Nc6 8. Qf2
d6 9. Be3 Nf6 10. h3 Nb4 11. O-O Be7 12. Bb6 Qd7 13. a3 Nxd3 14. cxd3 Rc8 15.
Rac1 O-O 16. Nd4 Qe8 17. b4 Nd7 18. Ba7 Bf6 19. Rc2 Kh8 20. Rfc1 g5 21. Nb3
gxf4 22. Qxf4 Be5 23. Qd2 f5 24. Bd4 Qg6 25. Kh1 Rg8 26. Bxe5+ Nxe5 27. Re1
Rcf8 28. Na5 Ba8 29. d4 fxe4 30. dxe5 e3 31. Rxe3 Rf1+ 32. Kh2 Qf5 33. Qd3 Qf4+
34. Rg3 Rxg3 35. Qxg3 Rh1+ 36. Kxh1 Qxg3 37. exd6 Qxh3+ 38. Kg1 Qd3 39. Rf2
Qxd6 40. Ne2 Kg8 41. Nf4 Qe5 42. Nh3 Qe3 43. Kh2 Qxa3 44. Rf4 Qe3 45. Rf2 e5
46. Rc2 Qe4 47. Rc8+ Kg7 0-1

[Event "Europa ch s-16"]
[Site "Herceg Novi MNE"]
[Date "2008.09.24"]
[Round "9.2"]
[White "Pavlidis, Antonios"]
[Black "Prohaszka, Peter"]
[Result "1/2-1/2"]
[WhiteElo "2266"]
[BlackElo "2509"]
[PlyCount "104"]
[EventDate "2008.09.15"]
[EventType "swiss"]
[EventRounds "9"]
[Source "lmi"]
[SourceDate "2008.09.15"]

1. e4 c6 2. d4 d5 3. Nd2 dxe4 4. Nxe4 Bf5 5. Ng3 Bg6 6. Nf3 Nd7 7. h4 h6 8. h5
Bh7 9. Bd3 Bxd3 10. Qxd3 e6 11. Bd2 Ngf6 12. O-O-O Be7 13. Ne4 Nxe4 14. Qxe4
Nf6 15. Qe2 Qd5 16. c4 Qe4 17. Qxe4 Nxe4 18. Be3 f5 19. Rhe1 O-O 20. g3 Rfe8
21. Re2 Bd6 22. Rde1 Rac8 23. Kb1 c5 24. d5 exd5 25. cxd5 Nf6 26. Nh4 Re5 27.
Bxh6 Rxe2 28. Rxe2 gxh6 29. Re6 Ne8 30. Nxf5 Bf8 31. Nxh6+ Bxh6 32. Rxh6 Rd8
33. Rg6+ Kf7 34. Rg5 Nf6 35. d6 b6 36. h6 Rxd6 37. Rg7+ Ke6 38. g4 Rd1+ 39. Kc2
Rf1 40. g5 Rxf2+ 41. Kb3 Rf3+ 42. Ka4 Rf4+ 43. Ka3 Rf3+ 44. b3 Rh3 45. gxf6
Rxh6 46. Rxa7 Rxf6 47. Ka4 Kd5 48. Kb5 Kd4 49. Ra6 Kc3 50. Rxb6 Rxb6+ 51. Kxb6
Kb4 52. Kc6 c4 1/2-1/2

[Event "Europa ch s-16"]
[Site "Herceg Novi MNE"]
[Date "2008.09.24"]
[Round "9.3"]
[White "Rombaldoni, Axel"]
[Black "Ter-Sahakyan, Samvel"]
[Result "1/2-1/2"]
[WhiteElo "2374"]
[BlackElo "2480"]
[PlyCount "132"]
[EventDate "2008.09.15"]
[EventType "swiss"]
[EventRounds "9"]
[Source "lmi"]
[SourceDate "2008.09.15"]

1. e4 c5 2. Nf3 d6 3. d4 cxd4 4. Qxd4 a6 5. c4 Nc6 6. Qe3 g6 7. Be2 Bg7 8. O-O
Nf6 9. h3 O-O 10. Nc3 Nd7 11. Rb1 Nc5 12. b4 Ne6 13. Rd1 Bd7 14. Nd5 Rb8 15. b5
axb5 16. cxb5 Ne5 17. Nxe5 dxe5 18. Ba3 Re8 19. b6 Nd4 20. Nc7 Rf8 21. Bc4 Ba4
22. Rd2 Qd7 23. Kh1 Rfd8 24. Nd5 e6 25. Nc7 Qc6 26. Bd3 h6 27. f4 exf4 28. Qxf4
Rbc8 29. e5 g5 30. Qe3 Nc2 31. Bxc2 Bxc2 32. Rc1 Qe4 33. Qxe4 Bxe4 34. Rxd8+
Rxd8 35. Bd6 Bf8 36. Nb5 Ra8 37. Na7 Rd8 38. Rc8 Rxc8 39. Nxc8 Bc6 40. Kh2 Kg7
41. Kg3 Kg8 42. Bxf8 Kxf8 43. Nd6 Ke7 44. a4 f5 45. a5 Kd7 46. Nf7 Ke7 47. Nd6
Kd7 48. Kf2 Bd5 49. Nf7 Ke7 50. Nd6 Kd7 51. g4 fxg4 52. hxg4 Kc6 53. Ke3 Bb3
54. Nf7 Kb5 55. Kd4 Kxa5 56. Kc5 h5 57. gxh5 g4 58. Ng5 g3 59. Kd6 Bd1 60. h6
Bg4 61. h7 g2 62. h8=Q g1=Q 63. Qa8+ Kxb6 64. Nxe6 Qd1+ 65. Ke7 Bxe6 66. Kxe6
Qg4+ 1/2-1/2

[Event "Europa ch s-16"]
[Site "Herceg Novi MNE"]
[Date "2008.09.24"]
[Round "9.4"]
[White "Bregadze, Levan"]
[Black "Mammadov, Ayaz"]
[Result "1/2-1/2"]
[WhiteElo "2399"]
[BlackElo "2346"]
[PlyCount "53"]
[EventDate "2008.09.15"]
[EventType "swiss"]
[EventRounds "9"]
[Source "lmi"]
[SourceDate "2008.09.15"]

1. d4 d5 2. c4 e6 3. Nc3 c6 4. Nf3 dxc4 5. a4 Bb4 6. e3 b5 7. Bd2 a5 8. axb5
Bxc3 9. Bxc3 cxb5 10. b3 Bb7 11. bxc4 b4 12. Bb2 Nf6 13. Bd3 Nbd7 14. Qc2 Qc7
15. O-O O-O 16. Ne5 Nxe5 17. dxe5 Nd7 18. Bxh7+ Kh8 19. Rad1 g6 20. Bxg6 fxg6
21. Qxg6 Nc5 22. Bd4 Rg8 23. Qh6+ Qh7 24. Qf6+ Qg7 25. Qh4+ Qh7 26. Qf6+ Qg7
27. Qh4+ 1/2-1/2

[Event "Europa ch s-16"]
[Site "Herceg Novi MNE"]
[Date "2008.09.24"]
[Round "9.6"]
[White "Grandelius, Nils"]
[Black "Gretarsson, Hjorvar Steinn"]
[Result "1-0"]
[WhiteElo "2366"]
[BlackElo "2299"]
[PlyCount "51"]
[EventDate "2008.09.15"]
[EventType "swiss"]
[EventRounds "9"]
[Source "lmi"]
[SourceDate "2008.09.15"]

1. e4 c5 2. Nf3 e6 3. d4 cxd4 4. Nxd4 Nc6 5. Nc3 Qc7 6. Be3 a6 7. Qd2 Nf6 8.
O-O-O Be7 9. f3 O-O 10. g4 b5 11. g5 Ne8 12. h4 Bb7 13. Nxc6 Bxc6 14. Ne2 d5
15. e5 a5 16. Nd4 b4 17. h5 Bd7 18. f4 a4 19. Kb1 Rc8 20. Ba6 Ra8 21. Bd3 a3
22. b3 Rc8 23. Qg2 Kh8 24. g6 Qc3 25. Bc1 Qxd4 26. h6 1-0

[Event "Europa ch s-16"]
[Site "Herceg Novi MNE"]
[Date "2008.09.24"]
[Round "9.8"]
[White "Kanarek, Marcel"]
[Black "Lyaskovsky, Viktor"]
[Result "1-0"]
[WhiteElo "2349"]
[BlackElo "2289"]
[PlyCount "109"]
[EventDate "2008.09.15"]
[EventType "swiss"]
[EventRounds "9"]
[Source "lmi"]
[SourceDate "2008.09.15"]

1. e4 c5 2. Nf3 Nc6 3. Nc3 Nf6 4. Bb5 Qc7 5. O-O Nd4 6. Re1 a6 7. Bf1 Ng4 8. g3
Nxf3+ 9. Qxf3 Ne5 10. Qe2 e6 11. d3 d6 12. Bg2 Be7 13. f4 Nc6 14. Be3 O-O 15.
Nd1 Bd7 16. c3 Rfc8 17. Nf2 b5 18. Kh1 Bf8 19. g4 Rab8 20. g5 Ne7 21. Rg1 d5
22. Ng4 c4 23. Bd4 Nc6 24. Qf2 Nxd4 25. cxd4 cxd3 26. Qh4 Kh8 27. e5 d2 28.
Rad1 Qc2 29. Qf2 Qxb2 30. Rxd2 Qa3 31. Bf1 Rc3 32. Qh4 Be7 33. Rg3 Rbc8 34. Rf2
a5 35. Nf6 Bxf6 36. gxf6 g6 37. Rxc3 Qxc3 38. Qh6 Rg8 39. Kg2 Qa3 40. Rc2 a4
41. Kf2 Qb4 42. Rc7 Qxd4+ 43. Ke2 Qe4+ 44. Kf2 g5 45. f5 Qxf5+ 46. Kg1 Be8 47.
Rc8 Qg6 48. Qxg6 hxg6 49. Kf2 b4 50. Ke3 b3 51. axb3 a3 52. Rc7 Ba4 53. bxa4 a2
54. Rc1 Rb8 55. Bb5 1-0

[Event "Europa ch s-16"]
[Site "Herceg Novi MNE"]
[Date "2008.09.24"]
[Round "9.9"]
[White "Strunski, Andreas"]
[Black "Yaksin, Oleg"]
[Result "1-0"]
[WhiteElo "2294"]
[BlackElo "2307"]
[PlyCount "95"]
[EventDate "2008.09.15"]
[EventType "swiss"]
[EventRounds "9"]
[Source "lmi"]
[SourceDate "2008.09.15"]

1. d4 Nf6 2. c4 e6 3. Nc3 Bb4 4. Qc2 O-O 5. a3 Bxc3+ 6. Qxc3 b6 7. Bg5 Bb7 8.
e3 h6 9. Bh4 d6 10. Ne2 Nbd7 11. Qd3 a5 12. Nc3 e5 13. O-O-O Qe8 14. Qc2 c6 15.
dxe5 dxe5 16. Bd3 Rc8 17. Bf5 Rc7 18. Rd6 b5 19. Rhd1 bxc4 20. Qe2 Bc8 21. Qf3
e4 22. Nxe4 Nxe4 23. Bxe4 Ne5 24. Qg3 f6 25. Rxf6 Rd7 26. Rxd7 Bxd7 27. Rxh6
Bf5 28. Bxf5 Rxf5 29. Bf6 Nd3+ 30. Kb1 Rxf6 31. Rxf6 Qe4 32. Qb8+ Kh7 33. Rf8
Nc5+ 34. Ka2 c3 35. Rh8+ Kg6 36. Qg3+ Kf7 37. Qc7+ Kg6 38. Qg3+ Kf7 39. Qc7+
Kg6 40. Qd6+ Ne6 41. Re8 Qc4+ 42. Kb1 Qf1+ 43. Kc2 Qxf2+ 44. Kxc3 Qf6+ 45. Kc2
Qf2+ 46. Kb3 Qxe3+ 47. Ka2 Kf6 48. Qe7+ 1-0

[Event "Europa ch s-16"]
[Site "Herceg Novi MNE"]
[Date "2008.09.24"]
[Round "9.10"]
[White "Heimann, Andreas"]
[Black "Stella, Andrea"]
[Result "1-0"]
[WhiteElo "2433"]
[BlackElo "2209"]
[PlyCount "53"]
[EventDate "2008.09.15"]
[EventType "swiss"]
[EventRounds "9"]
[Source "lmi"]
[SourceDate "2008.09.15"]

1. e4 e6 2. d4 d5 3. exd5 exd5 4. Nf3 Bd6 5. c4 c6 6. Nc3 Ne7 7. Bd3 O-O 8. O-O
dxc4 9. Bxc4 Nd7 10. Bg5 Nb6 11. Bb3 Kh8 12. Bxe7 Qxe7 13. Re1 Qc7 14. Qd3 f6
15. h3 Bd7 16. Nh4 Rae8 17. Bc2 g6 18. Nxg6+ hxg6 19. Qxg6 Be6 20. Ne4 Bh2+ 21.
Kh1 Nd5 22. Nc5 Nf4 23. Qh6+ Kg8 24. Nxe6 Nxe6 25. Bb3 Bf4 26. Bxe6+ Rxe6 27.
Qg6+ 1-0

[Event "Europa ch s-16"]
[Site "Herceg Novi MNE"]
[Date "2008.09.24"]
[Round "9.12"]
[White "Petenyi, Tamas"]
[Black "Vardanian, Haik G"]
[Result "0-1"]
[WhiteElo "2289"]
[BlackElo "2177"]
[PlyCount "106"]
[EventDate "2008.09.15"]
[EventType "swiss"]
[EventRounds "9"]
[Source "lmi"]
[SourceDate "2008.09.15"]

1. e4 c5 2. Nf3 e6 3. d4 cxd4 4. Nxd4 a6 5. Bd3 Qc7 6. O-O Nc6 7. Nxc6 dxc6 8.
Nd2 e5 9. Nc4 Nf6 10. Bd2 b5 11. Ne3 Bc5 12. Qe1 O-O 13. b4 Bb6 14. a4 Be6 15.
Qe2 Rad8 16. axb5 axb5 17. Qf3 Ne8 18. Ra3 Nd6 19. Bc3 f6 20. Rfa1 Qf7 21. Ra6
Rb8 22. h3 Rfd8 23. Kh2 Kh8 24. h4 h6 25. g3 Nc4 26. Nf5 Nd6 27. Ne3 Kh7 28.
Kg2 Bc4 29. h5 Be6 30. Nf1 Qd7 31. Nh2 c5 32. bxc5 Bxc5 33. Bd2 Bd4 34. c3 Bc5
35. Be3 Bh3+ 36. Kg1 Bxe3 37. Qxe3 Nf5 38. Bxb5 Rxb5 39. exf5 Qb7 40. Nf3 Bxf5
41. Ra7 Qc6 42. R1a6 Rb1+ 43. Kh2 Rdd1 44. Ng1 Qe4 45. Qc5 Qg4 46. Ra4 Qxh5+
47. Rh4 Qg6 48. Nf3 e4 49. g4 exf3 50. Qf8 Rh1+ 51. Kg3 Rbg1+ 52. Kxf3 Rxh4 53.
Ra8 Qxg4+ 0-1

[Event "Europa ch s-16"]
[Site "Herceg Novi MNE"]
[Date "2008.09.24"]
[Round "9.13"]
[White "Kaforos, Dimitrios-Alkis"]
[Black "Baron, Tal"]
[Result "0-1"]
[WhiteElo "2173"]
[BlackElo "2285"]
[PlyCount "44"]
[EventDate "2008.09.15"]
[EventType "swiss"]
[EventRounds "9"]
[Source "lmi"]
[SourceDate "2008.09.15"]

1. e4 c5 2. Nf3 Nc6 3. Bb5 g6 4. Bxc6 dxc6 5. d3 Bg7 6. h3 Nf6 7. Nc3 Nd7 8.
Be3 e5 9. Qd2 h6 10. O-O Qe7 11. Nh2 Nf8 12. f4 exf4 13. Rxf4 Ne6 14. Rf2 Nd4
15. Raf1 Be6 16. Nd1 O-O-O 17. Qa5 b6 18. Qa6+ Kb8 19. Ng4 Ka8 20. Bf4 f5 21.
Ne5 Bxe5 22. Bxe5 Bc8 0-1

[Event "Europa ch s-16"]
[Site "Herceg Novi MNE"]
[Date "2008.09.24"]
[Round "9.14"]
[White "Mordechai, Hanan"]
[Black "Sinitsin, Roman"]
[Result "1-0"]
[WhiteElo "2072"]
[BlackElo "2258"]
[PlyCount "109"]
[EventDate "2008.09.15"]
[EventType "swiss"]
[EventRounds "9"]
[Source "lmi"]
[SourceDate "2008.09.15"]

1. e4 e6 2. d4 d5 3. Nd2 c5 4. exd5 Qxd5 5. Ngf3 cxd4 6. Bc4 Qd6 7. O-O Nf6 8.
Nb3 Nc6 9. Nbxd4 Nxd4 10. Qxd4 Qxd4 11. Nxd4 a6 12. a4 Bd7 13. c3 Bc5 14. Nc2
Rc8 15. Be2 Bc6 16. Be3 Bxe3 17. Nxe3 Ke7 18. Nc4 Rhd8 19. Nb6 Rb8 20. Rfd1
Rxd1+ 21. Rxd1 Rd8 22. f3 Rxd1+ 23. Bxd1 Kd6 24. a5 g5 25. Kf2 h5 26. Ke3 h4
27. b4 Nd5+ 28. Nxd5 Kxd5 29. Bb3+ Ke5 30. g3 hxg3 31. hxg3 f6 32. c4 Kd6 33.
Bc2 Ke5 34. Bb1 Kd6 35. Bd3 Bd7 36. Be4 Bc8 37. Kd4 e5+ 38. Ke3 f5 39. Bd5 Kc7
40. Kd3 Bd7 41. Kc3 Bc8 42. b5 b6 43. c5 bxc5 44. b6+ Kb8 45. Kc4 f4 46. g4 Bb7
47. Kxc5 e4 48. fxe4 f3 49. Bc4 Bc8 50. Kd4 Bxg4 51. Ke3 Bh5 52. Bxa6 g4 53.
Kf2 Bf7 54. Bb5 Be6 55. a6 1-0

[Event "Europa ch s-16"]
[Site "Herceg Novi MNE"]
[Date "2008.09.24"]
[Round "9.15"]
[White "Holvason, Juri"]
[Black "Janczarski, Michal"]
[Result "0-1"]
[WhiteElo "2041"]
[BlackElo "2238"]
[PlyCount "68"]
[EventDate "2008.09.15"]
[EventType "swiss"]
[EventRounds "9"]
[Source "lmi"]
[SourceDate "2008.09.15"]

1. e4 c5 2. Nf3 e6 3. d4 cxd4 4. Nxd4 a6 5. Bd3 d6 6. Be3 Nf6 7. Qe2 Nbd7 8.
Nd2 g6 9. O-O-O Bg7 10. h4 b5 11. g4 h5 12. g5 Ng4 13. N2b3 Nxe3 14. Qxe3 Bb7
15. Bxb5 axb5 16. Nxb5 O-O 17. Rxd6 Be5 18. Rdd1 Bc6 19. N5d4 Qc7 20. Kb1 Ba4
21. Rhf1 Rfc8 22. Qe2 Bxb3 23. Nxb3 Nb6 24. Rd3 Qa7 25. Nc1 Nc4 26. c3 Rab8 27.
Nb3 Ra8 28. Nc1 Rcb8 29. b3 Qa5 30. Qe1 Na3+ 31. Kb2 Bf4 32. b4 Nc4+ 33. Ka1
Bxc1 34. bxa5 Bb2+ 0-1

[Event "Europa ch s-16"]
[Site "Herceg Novi MNE"]
[Date "2008.09.24"]
[Round "9.16"]
[White "Manelyuk, Nikita"]
[Black "Dragomirescu, Robin-Alexandru"]
[Result "0-1"]
[WhiteElo "2071"]
[BlackElo "2232"]
[PlyCount "88"]
[EventDate "2008.09.15"]
[EventType "swiss"]
[EventRounds "9"]
[Source "lmi"]
[SourceDate "2008.09.15"]

1. Nf3 Nf6 2. b3 g6 3. Bb2 Bg7 4. e3 O-O 5. Be2 d6 6. d4 c5 7. O-O Nbd7 8. Qc1
Qc7 9. a4 e5 10. dxe5 dxe5 11. Rd1 e4 12. Nfd2 Ne5 13. h3 b6 14. Nc3 Bb7 15.
Nb5 Qe7 16. Nc4 Nxc4 17. Bxc4 a6 18. Nc3 Rfd8 19. Rxd8+ Rxd8 20. Qe1 Nd7 21.
Qe2 Ne5 22. Bxa6 Nf3+ 23. gxf3 exf3 24. Qc4 Qg5+ 25. Qg4 Qxg4+ 26. hxg4 Bxa6
27. Rd1 Rxd1+ 28. Nxd1 Be2 29. Bxg7 Bxd1 30. Be5 Bxc2 31. Bc7 Bxb3 32. Bxb6 c4
33. a5 c3 34. Bc5 c2 35. Ba3 f6 36. Kf1 Kf7 37. Ke1 Ke6 38. a6 Bd5 39. Kd2 h5
40. gxh5 gxh5 41. Bc5 h4 42. Ba7 Be4 43. Bb8 Kf5 44. a7 Kg4 0-1

[Event "Europa ch s-16"]
[Site "Herceg Novi MNE"]
[Date "2008.09.24"]
[Round "9.17"]
[White "Firat, Burak"]
[Black "Kamali, Mehran"]
[Result "0-1"]
[WhiteElo "2219"]
[BlackElo "2035"]
[PlyCount "46"]
[EventDate "2008.09.15"]
[EventType "swiss"]
[EventRounds "9"]
[Source "lmi"]
[SourceDate "2008.09.15"]

1. e4 c5 2. Nf3 d6 3. d4 cxd4 4. Nxd4 Nf6 5. Nc3 a6 6. Be3 e5 7. Nb3 Be7 8. f3
Be6 9. Qd2 O-O 10. O-O-O a5 11. Qe1 Qc8 12. a4 Na6 13. Kb1 Nb4 14. g4 d5 15. g5
Ne8 16. exd5 Bf5 17. Rc1 Nc7 18. f4 Ncxd5 19. fxe5 Qe6 20. Bc4 Nxc2 21. Rxc2
Bxc2+ 22. Ka1 Bxb3 23. Bxb3 Nxe3 0-1

[Event "Europa ch s-16"]
[Site "Herceg Novi MNE"]
[Date "2008.09.24"]
[Round "9.18"]
[White "Kuchynka, Lukas"]
[Black "Senlle Caride, Miguel"]
[Result "1/2-1/2"]
[WhiteElo "2150"]
[BlackElo "2289"]
[PlyCount "67"]
[EventDate "2008.09.15"]
[EventType "swiss"]
[EventRounds "9"]
[Source "lmi"]
[SourceDate "2008.09.15"]

1. e4 e5 2. Nf3 Nc6 3. Bb5 a6 4. Ba4 Nf6 5. O-O b5 6. Bb3 Bc5 7. a4 Rb8 8. c3
O-O 9. d4 Bb6 10. axb5 axb5 11. dxe5 Ng4 12. Na3 Ncxe5 13. h3 Nxf3+ 14. Qxf3
Ne5 15. Qg3 d6 16. Nxb5 Bxf2+ 17. Rxf2 Rxb5 18. Bg5 Qe8 19. Ba4 Ra5 20. Bxe8
Rxa1+ 21. Rf1 Rxf1+ 22. Kxf1 Ba6+ 23. Kg1 Rxe8 24. Qe3 h6 25. Bh4 Ng6 26. Bg3
Re7 27. b4 Bb7 28. b5 Bxe4 29. Qd4 Re6 30. Qa7 Re7 31. Qd4 Re6 32. Qa7 Re7 33.
c4 Bd3 34. Qd4 1/2-1/2

[Event "Europa ch s-16"]
[Site "Herceg Novi MNE"]
[Date "2008.09.24"]
[Round "9.19"]
[White "Lorand, Norbert"]
[Black "Witek, Tomasz"]
[Result "1-0"]
[WhiteElo "2273"]
[BlackElo "2125"]
[PlyCount "93"]
[EventDate "2008.09.15"]
[EventType "swiss"]
[EventRounds "9"]
[Source "lmi"]
[SourceDate "2008.09.15"]

1. e4 c5 2. Nf3 d6 3. d4 cxd4 4. Nxd4 Nf6 5. Nc3 a6 6. f3 e6 7. Be3 Be7 8. g4
Nc6 9. Qd2 O-O 10. O-O-O Nxd4 11. Qxd4 Nd7 12. Kb1 b5 13. a3 Qc7 14. g5 Bb7 15.
h4 Rfd8 16. h5 d5 17. exd5 Bc5 18. Qf4 Qxf4 19. Bxf4 exd5 20. Bd3 Nb6 21. g6
Nc4 22. gxf7+ Kxf7 23. Bf5 g6 24. hxg6+ hxg6 25. Rh7+ Kf6 26. Bg4 d4 27. Nxb5
Bc6 28. Nc7 Rab8 29. Be6 Rxb2+ 30. Ka1 Rf8 31. Bxc4 Rxc2 32. Rc1 Rxc1+ 33. Bxc1
Bxf3 34. Bh6 Rc8 35. Rf7+ Ke5 36. Rxf3 Rxc7 37. Bf4+ Ke4 38. Bd5+ Kxd5 39. Bxc7
Ke4 40. Rg3 Kf5 41. Kb2 g5 42. Kb3 g4 43. Kc4 Ba7 44. a4 Kg5 45. a5 Kh4 46. Rb3
d3 47. Rxd3 1-0

[Event "Europa ch s-16"]
[Site "Herceg Novi MNE"]
[Date "2008.09.24"]
[Round "9.20"]
[White "Nijs, Nils"]
[Black "Aggelis, Nikolaos"]
[Result "0-1"]
[WhiteElo "2150"]
[BlackElo "2271"]
[PlyCount "78"]
[EventDate "2008.09.15"]
[EventType "swiss"]
[EventRounds "9"]
[Source "lmi"]
[SourceDate "2008.09.15"]

1. Nf3 Nf6 2. c4 g6 3. Nc3 d5 4. Qa4+ Bd7 5. Qb3 dxc4 6. Qxc4 Nc6 7. g3 Bg7 8.
Bg2 O-O 9. O-O e5 10. d3 Be6 11. Qh4 Qd7 12. Ng5 h5 13. Nxe6 Qxe6 14. Bg5 Nd4
15. Rac1 c6 16. Bh3 Qd6 17. Kg2 Nd5 18. Ne4 Qb4 19. e3 Ne6 20. Bxe6 fxe6 21.
Nc5 Qxb2 22. Nxe6 Rf7 23. Qe4 Nf6 24. Qxg6 Ng4 25. Bf6 Raf8 26. d4 Qxa2 27. Ng5
Nxf6 28. Nxf7 Rxf7 29. dxe5 Ng4 30. Kg1 Rxf2 31. Qe8+ Kh7 32. Qxh5+ Bh6 33.
Rxf2 Qxf2+ 34. Kh1 Qf3+ 35. Kg1 Qxe3+ 36. Kg2 Qd2+ 37. Kf3 Qf2+ 38. Ke4 Qe3+
39. Kf5 Qxe5+ 0-1

[Event "Europa ch s-16"]
[Site "Herceg Novi MNE"]
[Date "2008.09.24"]
[Round "9.22"]
[White "Arslanov, Shamil"]
[Black "Arvola, Benjamin"]
[Result "1-0"]
[WhiteElo "2228"]
[BlackElo "2105"]
[PlyCount "119"]
[EventDate "2008.09.15"]
[EventType "swiss"]
[EventRounds "9"]
[Source "lmi"]
[SourceDate "2008.09.15"]

1. e4 c5 2. c3 g6 3. d4 cxd4 4. cxd4 d5 5. exd5 Nf6 6. Nc3 Bg7 7. Qb3 O-O 8.
Nge2 Re8 9. g3 e6 10. Bg2 exd5 11. O-O Nc6 12. Bg5 Bg4 13. Nf4 Nxd4 14. Qxb7
Nf3+ 15. Bxf3 Bxf3 16. Bxf6 Bxf6 17. Ncxd5 Be5 18. Ne7+ Qxe7 19. Qxf3 Qf6 20.
Rae1 Bxf4 21. Qxf4 Qxf4 22. gxf4 Rad8 23. Re3 Re6 24. Rfe1 Rd2 25. Rxe6 fxe6
26. Rxe6 Rxb2 27. Ra6 Rb7 28. Kg2 Rf7 29. Kg3 Kg7 30. f3 h6 31. h4 h5 32. f5
Rxf5 33. Rxa7+ Kf6 34. Ra6+ Kg7 35. Ra7+ Kf6 36. Ra8 Rc5 37. a4 Rc4 38. a5 Ra4
39. a6 Kf7 40. Ra7+ Kf6 41. Ra8 Kg7 42. f4 Ra3+ 43. Kf2 Kf6 44. Ke2 Kg7 45.
Ra7+ Kf6 46. Ra8 Kg7 47. Kd2 Kh7 48. Ra7+ Kh6 49. Kc2 Ra4 50. Kb3 Rxf4 51. Rc7
Rf6 52. a7 Ra6 53. Kb4 Ra1 54. Kb5 Rb1+ 55. Kc6 Ra1 56. Kb7 Rb1+ 57. Kc8 Ra1
58. Kb8 g5 59. Rc6+ Kg7 60. hxg5 1-0